Statystyki dla Flagi Państw Europy

Kliknij tutaj aby rozwiązać quiz!

Ogólne statystyki

  • Ten quiz został rozwiązany 84 razy
  • Średni wynik to 39 z 43

Statystyki odpowiedzi

Odpowiedź% Poprawnych
Albania
98%
Polska
98%
Rosja
98%
Białoruś
95%
Francja
95%
Grecja
95%
Irlandia
95%
Niemcy
95%
Słowacja
95%
Wielka Brytania
95%
Belgia
94%
Czechy
94%
Hiszpania
94%
Norwegia
94%
Szwecja
94%
Ukraina
94%
Austria
92%
Estonia
92%
Litwa
92%
Portugalia
92%
Słowenia
92%
Chorwacja
91%
Holandia
91%
Macedonia
91%
Rumunia
91%
Szwajcaria
91%
Watykan
91%
Dania
89%
Finlandia
89%
Islandia
89%
Bośnia i Hercegowina
88%
Łotwa
88%
San Marino
88%
Luksemburg
86%
Malta
86%
Włochy
86%
Liechtenstein
84%
Czarnogóra
83%
Serbia
83%
Bułgaria
81%
Mołdawia
80%
Andora
77%
Kosowo
75%

Rozkład punktacji

Percentyl według liczby udzielonych odpowiedzi

Procent ludzi z każdym wynikiem

Twoja historia wyników

Nie rozwiązałeś tego quizu